Энергетика: Экология, надежность, безопасность: материалы третьего всероссийского научно-технического семинара

Bibliographic Details
Corporate Authors: Томский политехнический университет, Энергетика: Экология, надежность, безопасность научно-технический семинар
Language:Russian
Published: Томск, Изд-во ТПУ, 1997
Subjects:
Format: Book
KOHA link:https://koha.lib.tpu.ru/cgi-bin/koha/opac-detail.pl?biblionumber=5820

MARC

LEADER 00000nam0a2200000 4500
001 5820
005 20231030175804.0
035 |a (RuTPU)RU\TPU\book\5849 
035 |a BOOK00005901 
090 |a 5820 
100 |a 20011209d1997 km y0rusy50 ca 
101 0 |a rus 
102 |a RU 
105 |a a z 100zy 
200 1 |a Энергетика: Экология, надежность, безопасность  |e материалы третьего всероссийского научно-технического семинара  |f Томский политехнический университет 
210 |a Томск  |c Изд-во ТПУ  |d 1997 
215 |a 144 с. 
610 1 |a энергетика 
610 1 |a экология 
610 1 |a надежность 
610 1 |a безопасность 
610 1 |a семинары 
610 1 |a ТПУ 
610 1 |a Томск 
675 |a 620.9:628(063)  |v 3 
712 0 2 |a Томский политехнический университет  |2 stltpush  |3 (RuTPU)RU\TPU\col\376 
712 0 2 |a Энергетика: Экология, надежность, безопасность  |b научно-технический семинар  |d 3  |e Томск 
801 0 |a RU  |b 63413507  |c 20011209  |g PSBO 
801 2 |a RU  |b 63413507  |c 20220422  |g PSBO 
942 |c BK